|
|
|
|
| LEADER |
00000nam0a2200000 4500 |
| 001 |
195408 |
| 005 |
20231101224629.0 |
| 010 |
|
|
|a 9781405843497
|
| 035 |
|
|
|a (RuTPU)RU\TPU\book\213152
|
| 090 |
|
|
|a 195408
|
| 100 |
|
|
|a 20110510d2010 m y0engy50 ba
|
| 101 |
0 |
|
|a eng
|
| 102 |
|
|
|a GB
|
| 105 |
|
|
|a a j 001zy
|
| 200 |
1 |
|
|a New Cutting EDGE. Pre-Intermediate
|e Teacher's Resource Book
|f H. Barker, S. Cunningham, P. Moor
|
| 205 |
|
|
|a 7 ed.
|
| 210 |
|
|
|a Harlow
|c Longman
|d 2010
|
| 215 |
|
|
|a 184 p.
|c il.
|e Прилож.: CD-ROM
|
| 330 |
|
|
|a New Cutting Edge Pre-lntermediate Teacher's Resource Book gives teachers everything they need to use the course successfully in a variety of teaching situations. Step-by-step Teacher's notes with suggestions for alternative procedures and extension activities. Teacher's tips section with practical ideas on teaching vocabulary and grammar, using the Mini-dictionary and making speaking tasks work. Photocopiable Resource bank with up to 30 hours of additional material to consolidate and extend the Students' Book. It includes learner-training worksheets, communication activities and progress tests. New Cutting Edge Pre-lntermediate takes students from A2 to B1 level of the Common European Framework. New Cutting Edge provides a complete teaching package: Students' Book (with mini-dictionary) Class Cassettes/CDs Workbook (with and without key editions) Students' Cassettes/CDs Teacher's Resource Book
|
| 606 |
1 |
|
|a Английский язык
|x Учебные руководства и пособия
|x Учебные руководства и пособия для высшей школы
|2 stltpush
|3 (RuTPU)RU\TPU\subj\29071
|9 52483
|
| 610 |
1 |
|
|a лексика
|
| 610 |
1 |
|
|a грамматика
|
| 610 |
1 |
|
|a разговорная речь
|
| 610 |
1 |
|
|a упражнения
|
| 610 |
1 |
|
|a методика
|
| 610 |
1 |
|
|a обучение
|
| 610 |
1 |
|
|a преподавание
|
| 610 |
1 |
|
|a CD-ROM
|
| 686 |
|
|
|a Ш143.21-923
|v LBC/SL-A
|2 rubbk
|
| 686 |
|
|
|a Ш143.21-91
|v LBC/SL-A
|2 rubbk
|
| 700 |
|
1 |
|a Barker
|b H.
|g Helen
|
| 701 |
|
1 |
|a Cunningham
|b S.
|g Sarah
|
| 701 |
|
1 |
|a Moor
|b P.
|g Peter
|
| 801 |
|
1 |
|a RU
|b 63413507
|c 20110510
|
| 801 |
|
2 |
|a RU
|b 63413507
|c 20170616
|g RCR
|
| 942 |
|
|
|c BK
|